विक्रमोर्वशी और मालविकाग्निमित्र / (Record no. 37489)

MARC details
000 -LEADER
fixed length control field 01242nam a22002537a 4500
005 - DATE AND TIME OF LATEST TRANSACTION
control field 20100724110050.0
010 ## - LCCN (DPL NO)
LC control number HIN-89807
020 ## - INTERNATIONAL STANDARD BOOK NUMBER
International Standard Book Number 9788170287766
Terms of availability 85.00
035 ## - SYSTEM CONTROL NUMBER
System control number HN-62153
037 ## - SOURCE OF ACQUISITION
Source of stock number/acquisition DBAD/PUB
082 ## - DEWEY DECIMAL CLASSIFICATION NUMBER
Classification number 822
100 ## - MAIN ENTRY--PERSONAL NAME
Personal name कालिदास
245 ## - TITLE STATEMENT
Title विक्रमोर्वशी और मालविकाग्निमित्र /
Statement of responsibility, etc कालिदास; विराज द्वारा रूपान्तरित
246 ## - VARYING FORM OF TITLE
Title proper/short title Vikramorvarshi Aur Malvikagnimitra
Remainder of title by Kalidas
260 ## - PUBLICATION, DISTRIBUTION, ETC. (IMPRINT)
Place of publication, distribution, etc दिल्ली
Name of publisher, distributor, etc राजपाल एण्ड सन्ज
Date of publication, distribution, etc 2009
270 ## - ADDRESS
Address कश्मीरी गेट
City दिल्ली
Postal code 110006
Electronic mail address mail@rajpalpublishing.com
300 ## - PHYSICAL DESCRIPTION
Extent 152पृ.
Dimensions 22सेमी (अजिल्द)
500 ## - GENERAL NOTE
General note सुप्रसिद्द संस्कृत नाटकों का हिन्दी रूपान्तर
650 ## - SUBJECT ADDED ENTRY--TOPICAL TERM
Topical term following geographic name as entry element हिन्दी नाटक
650 ## - SUBJECT ADDED ENTRY--TOPICAL TERM
Topical term or geographic name as entry element Hindi Drama
700 ## - ADDED ENTRY--PERSONAL NAME
Personal name विराज
9 (RLIN) 1143
942 ## - ADDED ENTRY ELEMENTS (KOHA)
Source of classification or shelving scheme Dewey Decimal Classification
Item type Hindi Books
Classification part 822
Call number suffix कालिदा
Holdings
Withdrawn status Lost status Not for loan Collection code Home library Current library Date acquired Source of acquisition Cost, normal purchase price Full call number Barcode Copy number Cost, replacement price Koha item type
    Not For Loan Non-fiction D.B.Act.Division D.B.Act.Division 24/07/2010 DBAD / PUB 85.00 822 कालिदा HN-62153 1 85.00 Hindi Books

© Delhi Public Library
Hit Counter
free hit counter